Top 10 Coldest U.S. States - Statistics

General Stats
  • This quiz has been taken 124,756 times
    107,043 since last reset
  • The average score is 8 of 10
Answer Stats
° F State ° C % Correct
28.0 Alaska -2.3
96%
41.8 Maine 5.4
91%
41.0 North Dakota 5.0
88%
42.6 Montana 5.9
86%
43.1 Vermont 6.1
84%
41.7 Minnesota 5.4
83%
44.0 New Hampshire 6.7
79%
43.9 Idaho 6.6
77%
43.9 Wisconsin 6.6
76%
42.3 Wyoming 5.7
67%
No matching quizzes found
Score Distribution
Percent of People with Each Score
Percentile by Number Answered
Your Score History
You have not taken this quiz since the last reset